Project management in practice / (Record no. 13509)
[ view plain ]
| 000 -LEADER | |
|---|---|
| fixed length control field | 04635cam a22005774a 4500 |
| 001 - CONTROL NUMBER | |
| control field | 15127579 |
| 005 - DATE AND TIME OF LATEST TRANSACTION | |
| control field | 20080307084944.0 |
| 008 - FIXED-LENGTH DATA ELEMENTS--GENERAL INFORMATION | |
| fixed length control field | 080104s2008 njua |rb 001 0 eng |
| 010 ## - LIBRARY OF CONGRESS CONTROL NUMBER | |
| LC control number | 2008270102 |
| 020 ## - INTERNATIONAL STANDARD BOOK NUMBER | |
| International Standard Book Number | 0470121645 |
| 020 ## - INTERNATIONAL STANDARD BOOK NUMBER | |
| International Standard Book Number | 9780470121641 |
| 040 ## - CATALOGING SOURCE | |
| Original cataloging agency | DLC |
| Transcribing agency | DLC |
| Modifying agency | DLC |
| 050 00 - LIBRARY OF CONGRESS CALL NUMBER | |
| Classification number | HD69.P75 |
| Item number | P7288 2008 |
| 082 ## - DEWEY DECIMAL CLASSIFICATION NUMBER | |
| Edition number | 22 |
| Classification number | 658.404 |
| Item number | MAN |
| 100 ## - MAIN ENTRY--PERSONAL NAME | |
| Personal name | Mantel, Samuel J. |
| 9 (RLIN) | 11904 |
| 245 00 - TITLE STATEMENT | |
| Title | Project Management in Practice / |
| Statement of responsibility, etc | Samuel J. Mantel, Jr. ... [et al.]. |
| 250 ## - EDITION STATEMENT | |
| Edition statement | 3rd ed. |
| 260 ## - PUBLICATION, DISTRIBUTION, ETC. (IMPRINT) | |
| Place of publication, distribution, etc | Hoboken, NJ : |
| Name of publisher, distributor, etc | J. Wiley, 2008 |
| Date of publication, distribution, etc | c2008. |
| 300 ## - PHYSICAL DESCRIPTION | |
| Extent | xvii, 312 p. : |
| Other physical details | ill. (some col.) ; |
| Dimensions | 26 cm. + |
| Accompanying material | 2 CD-ROMs (4 3/4 in.) |
| 504 ## - BIBLIOGRAPHY, ETC. NOTE | |
| Bibliography, etc | Includes bibliographical references and index. |
| 650 #0 - SUBJECT ADDED ENTRY--TOPICAL TERM | |
| Topical term or geographic name as entry element | Project management. |
| 9 (RLIN) | 11905 |
| 653 ## - INDEX TERM--UNCONTROLLED | |
| Resource For college | |
| 700 1# - ADDED ENTRY--PERSONAL NAME | |
| Personal name | Mantel, Samuel J. |
| 9 (RLIN) | 11906 |
| 730 02 - ADDED ENTRY--UNIFORM TITLE | |
| Uniform title | Crystal ball (Computer file) |
| 9 (RLIN) | 11907 |
| 730 02 - ADDED ENTRY--UNIFORM TITLE | |
| Uniform title | Microsoft Project. |
| 9 (RLIN) | 11908 |
| 856 42 - ELECTRONIC LOCATION AND ACCESS | |
| Materials specified | Contributor biographical information |
| Uniform Resource Identifier | <a href="http://www.loc.gov/catdir/enhancements/fy0814/2008270102-b.html">http://www.loc.gov/catdir/enhancements/fy0814/2008270102-b.html</a> |
| 856 42 - ELECTRONIC LOCATION AND ACCESS | |
| Materials specified | Publisher description |
| Uniform Resource Identifier | <a href="http://www.loc.gov/catdir/enhancements/fy0814/2008270102-d.html">http://www.loc.gov/catdir/enhancements/fy0814/2008270102-d.html</a> |
| 856 41 - ELECTRONIC LOCATION AND ACCESS | |
| Materials specified | Table of contents only |
| Uniform Resource Identifier | <a href="http://www.loc.gov/catdir/enhancements/fy0814/2008270102-t.html">http://www.loc.gov/catdir/enhancements/fy0814/2008270102-t.html</a> |
| 942 ## - ADDED ENTRY ELEMENTS (KOHA) | |
| Source of classification or shelving scheme | Dewey Decimal Classification |
| Item type | Book - Borrowing |
| Withdrawn status | Item status | Source of classification or shelving scheme | Damaged status | Not for loan | Vendor | Home library | Current library | Shelving location | Date acquired | Total Checkouts | Total Renewals | Full call number | Barcode | Date last seen | Date last borrowed | Koha item type | Source of acquisition | Checked out | Materials specified (bound volume or other part) | Public note |
|---|---|---|---|---|---|---|---|---|---|---|---|---|---|---|---|---|---|---|---|---|
| Dewey Decimal Classification | Baccah | Central Library | Central Library | First floor | 25/02/2010 | 14 | 55 | 658.404 PRO | 000019881 | 15/07/2025 | 03/12/2017 | Book - Borrowing | ||||||||
| Dewey Decimal Classification | Baccah | Central Library | Central Library | First floor | 25/02/2010 | 7 | 658.404 PRO | 000019880 | 15/07/2025 | 21/02/2013 | NB - Book (Non borrowing) | |||||||||
| Dewey Decimal Classification | Baccah | Central Library | Central Library | First floor | 25/02/2010 | 1 | 9 | 658.404 MAN | 000019879 | 21/08/2017 | 21/08/2017 | CD | DVD - With book | 23/12/2023 | |||||||
| Lost | Dewey Decimal Classification | Baccah | Central Library | Central Library | First floor | 25/02/2010 | 658.404 MAN | 000019878 | 23/08/2016 | CD | DVD - With book | Lost In Inventory_2018-08-12 | |||||||||
| Dewey Decimal Classification | Baccah | Central Library | Central Library | First floor | 24/03/2010 | 7 | 36 | 658.404 PRO | 000019798 | 15/07/2025 | 05/01/2014 | Book - Borrowing | ||||||||
| Dewey Decimal Classification | Baccah | Central Library | Central Library | First floor | 24/03/2010 | 2 | 658.404 MAN | 000020329 | 24/08/2022 | 06/02/2012 | CD | DVD - With book | |||||||||
| Dewey Decimal Classification | Baccah | Central Library | Central Library | First floor | 10/11/2010 | 10 | 41 | 658.404 PRO | 000022568 | 15/07/2025 | 12/12/2017 | Book - Borrowing | ||||||||
| Lost | Dewey Decimal Classification | Baccah | Central Library | Central Library | First floor | 10/11/2010 | 658.404 MAN | 000022569 | 23/08/2016 | CD | DVD - With book (NB) | Lost In Inventory_2018-08-12 | |||||||||
| Lost | Dewey Decimal Classification | Baccah | Central Library | Central Library | First floor | 10/11/2010 | 8 | 33 | 658.404 MAN | 000022570 | 23/06/2013 | 02/05/2013 | Book - Borrowing | Lost In Inventory_2015-8-23 | ||||||
| Dewey Decimal Classification | Baccah | Central Library | Central Library | First floor | 10/11/2010 | 658.404 PRO | 000022577 | 24/08/2022 | CD | DVD - With book | |||||||||||
| Dewey Decimal Classification | Baccah | Central Library | Central Library | First floor | 10/11/2010 | 9 | 40 | 658.404 PRO | 000022576 | 15/07/2025 | 03/12/2017 | Book - Borrowing | ||||||||
| Dewey Decimal Classification | Baccah | Central Library | Central Library | First floor | 10/11/2010 | 1 | 8 | 658.404 MAN | 000022575 | 21/08/2017 | 21/08/2017 | Book - Borrowing | 23/12/2023 | |||||||
| Dewey Decimal Classification | Baccah | Central Library | Central Library | First floor | 25/11/2010 | 8 | 40 | 658.404 PRO | 000021988 | 15/07/2025 | 07/10/2017 | Book - Borrowing | ||||||||
| Dewey Decimal Classification | Baccah | Central Library | Central Library | First floor | 25/11/2010 | 658.404 MAN | 000021989 | 24/08/2022 | CD | DVD - With book | Microsoft Office Project 2007 | ||||||||||
| Dewey Decimal Classification | Central Library | Central Library | First floor | 11/01/2011 | 9 | 45 | 658.404 PRO | 000022739 | 15/07/2025 | 02/12/2017 | Book - Borrowing | |||||||||
| Dewey Decimal Classification | Central Library | Central Library | First floor | 24/04/2012 | 658.404 MAN | 000026695 | 24/08/2022 | CD | DVD - With book | ||||||||||||
| Dewey Decimal Classification | Central Library | Central Library | First floor | 24/04/2012 | 1 | 658.404 MAN | 000026694 | 24/08/2022 | 03/11/2013 | CD | DVD - With book | ||||||||||
| Dewey Decimal Classification | Central Library | Central Library | First floor | 24/04/2012 | 658.404 MAN | 000026693 | 24/08/2022 | CD | DVD - With book | ||||||||||||
| Dewey Decimal Classification | Central Library | Central Library | First floor | 24/04/2012 | 658.404 PRO | 000026701 | 24/08/2022 | CD | DVD - With book | ||||||||||||
| Dewey Decimal Classification | Central Library | Central Library | First floor | 24/04/2012 | 658.404 PRO | 000026700 | 24/08/2022 | CD | DVD - With book | ||||||||||||
| Dewey Decimal Classification | Central Library | Central Library | First floor | 07/05/2018 | 1 | 1 | 658.404 PRO | 000047703 | 15/07/2025 | 20/02/2022 | Book - Borrowing | |||||||||
| Dewey Decimal Classification | Central Library | Central Library | First floor | 07/05/2018 | 658.404 PRO | 000047704 | 24/08/2022 | CD | DVD - With book |